000 00847nam a2200253Ia 4500
003 OSt
005 20220923215301.0
006 a|||||r|||| 00| 0
007 ta
008 220922b |||||||| |||| 00| 0 hin d
024 _a177,407
037 _cTextual
040 _aARTS
_cARTS
_bhin
041 _2hin
_ahin
082 _aO152,1KJA:g, N0
100 _aगुप्त, सुरेश चन्द्र
245 0 _aआचार्य न्यातम खां जान
246 _aĀchārya nyātam khāan jāna
260 _aदिल्ली
_b पराग प्रकाशन
_c1990
300 _a93 पृ.
_ccm.
650 _aहिन्दी साहित्य
_9156264
942 _hO152,1KJA:g, N0
_cTEXL
_2CC
999 _c330795
_d330795